Central Library OPAC University of Rajshahi

Text book of optics / (Record no. 68603)

MARC details
000 -LEADER
fixed length control field 00645nam a2200241 a 4500
001 - CONTROL NUMBER
control field 68603
003 - CONTROL NUMBER IDENTIFIER
rucl marc code BD-RjUL
005 - DATE AND TIME OF LATEST TRANSACTION
control field 20211209081805.0
008 - FIXED-LENGTH DATA ELEMENTS--GENERAL INFORMATION
fixed length control field 190404s1958 ii a 100 0 eng d
020 ## - INTERNATIONAL STANDARD BOOK NUMBER
Terms of availability Rs:16.00
035 ## - SYSTEM CONTROL NUMBER
System control number (BD-RjUL)68813
040 ## - CATALOGING SOURCE
Original cataloging agency DLC
Transcribing agency DLC
Modifying agency DLC
Language of cataloging eng
041 ## - LANGUAGE CODE
Language code of text/sound track or separate title eng
082 00 - DEWEY DECIMAL CLASSIFICATION NUMBER
Edition number 23
Classification number 535
Author mark and year GHG 1958
100 ## - MAIN ENTRY--PERSONAL NAME
Personal name Ghosh, Krishnapada
9 (RLIN) 203349
245 10 - TITLE STATEMENT
Title Text book of optics /
Statement of responsibility, etc. By Krishnapada Ghosh
260 ## - PUBLICATION, DISTRIBUTION, ETC. (IMPRINT)
Place of publication, distribution, etc. Calcutta :
Name of publisher, distributor, etc. Art Union,
Date of publication, distribution, etc. [1958?].
300 ## - PHYSICAL DESCRIPTION
Pagination v. p. :
Illustrations ill. ;
Size 22 cm.
505 0# - FORMATTED CONTENTS NOTE
Formatted contents note Pt.1.Geometrical optics--
650 ## - SUBJECT ADDED ENTRY--TOPICAL TERM
Topical term or geographic name as entry element Optics.
9 (RLIN) 203350
942 ## - ADDED ENTRY ELEMENTS (KOHA)
Source of classification or shelving scheme Dewey Decimal Classification
Koha item type Books
Holdings
Lost status Source of classification or shelving scheme Damaged status Not for loan Collection code Permanent Location Current Location Shelving location Date acquired Source of acquisition Cost, normal purchase price Total Checkouts Full call number Date last seen Copy number Koha item type
  Dewey Decimal Classification   Not For Loan Non-fiction Central Library, University of Rajshahi Central Library, University of Rajshahi Reading Room 23/01/1963 Green Book House 16.00   535 GHG Pt.1 1958 04/04/2017 C-1 Books
  Dewey Decimal Classification     Non-fiction Central Library, University of Rajshahi Central Library, University of Rajshahi   24/01/1963 Green Book House 16.00   535 GHG Pt.1 1958 04/04/2017 C-2 Books